Normal view MARC view
  • Bible stories.

Entry Topical Term

Number of records used in: 2

001 - CONTROL NUMBER

  • control field: 8052

003 - CONTROL NUMBER IDENTIFIER

  • control field: NUST

005 - DATE AND TIME OF LATEST TRANSACTION

  • control field: 20180105094101.0

008 - FIXED-LENGTH DATA ELEMENTS

  • fixed length control field: 180105|| aca||aabn | a|a d

040 ## - CATALOGING SOURCE

  • Original cataloging agency: NUST
  • Transcribing agency: NUST

150 ## - HEADING--TOPICAL TERM

  • Topical term or geographic name entry element: Bible stories.

670 ## - SOURCE DATA FOUND

  • Source citation: Work cat.: (NUST)0: Larsen, Carolyn, 1950- 8050, Little boys Bible storybook for mothers and sons /, 1999.
© 2023 Central Library, National University of Sciences and Technology. All Rights Reserved.